Teoría macroeconómica: ciclos económicos, crecimientos e inflación
Збережено в:
| Автор: | |
|---|---|
| Формат: | Книга |
| Мова: | Іспанська |
| Опубліковано: |
Santiago
Ediciones Universidad Católica de Chile
1999
|
| Предмети: | |
| Теги: |
Додати тег
Немає тегів, Будьте першим, хто поставить тег для цього запису!
|
MARC
| LEADER | 00000nam a2200000 a 4500 | ||
|---|---|---|---|
| 001 | UCO3352 | ||
| 003 | CL-VaPUC | ||
| 008 | 000720e19990000CL |||||||||||||||||spa|d | ||
| 082 | 0 | 4 | |a 339.01 |b ROS |2 21 |
| 100 | 0 | |a Rosende R., Francisco |e author |9 447454 | |
| 245 | 1 | 0 | |a Teoría macroeconómica: ciclos económicos, crecimientos e inflación |
| 300 | |a 235 p | ||
| 942 | |c BK | ||
| 945 | |d 20000720 00:00:00 |a rbrito | ||
| 260 | |a Santiago |b Ediciones Universidad Católica de Chile |c 1999 | ||
| 650 | 0 | |a Macroeconomía |9 260301 | |
| 583 | |a last modification |c 20000720 00:00:00 |k Rodrigo Vera | ||
| 999 | |c 289810 |d 289808 | ||
| 952 | |0 0 |1 0 |4 0 |6 339_010000000000000_ROS_1999 |7 0 |8 A |9 338558 |a BIBENE |b BIBENE |d 2019-11-20 |i 3628469 |l 1 |o 339.01 ROS 1999 |p 3628469 |r 2025-01-15 |s 2023-03-27 |w 2019-11-20 |y BK |k ICO | ||